000 00680nam a2200265Ia 4500
005 20260121165605.0
008 008 260114s9999 xx 000 0 eng d
020 _a9783319310381
037 _aEBOOK
040 _aCRL
040 _beng
040 _cCRL
041 _2eng
041 _aeng
084 _qCRL
100 _aSusan Eischeid
_91053613
245 4 _aThe Truth about Fania Fénelon and the Women’s Orchestra of Auschwitz-Birkenau
260 _bSpringer
260 _bSpringer
260 _c2016
856 _uhttps://link.springer.com/openurl?genre=book&isbn=978-3-319-31038-1
942 _cEBOOK
999 _c1619339
_d1619339